Mixed Word: Celebrity Name Quiz Stats

 Plays Quiz Updated Sep 11, 2018

Challenge
Share
Tweet
Embed
Score 0/15 Timer 04:00
0 Plays Today
Hint Answer % Correct
MOTHNAKSTom Hanks
97.7%
TTPIDRABBrad Pitt
93.3%
THMISLILWWill Smith
90.5%
ALGNEIANOLIEJAngelina Jolie
87.3%
PPEDNNOHYJJohnny Depp
86.1%
NAMTTERLEDIVADDavid Letterman
83.4%
NOMADTATMMatt Damon
81.8%
PRAONFREYWIHOprah Winfrey
80.5%
Hint Answer % Correct
UHHGNARTGHugh Grant
78.6%
TKEALREBMIUTJSNIJustin Timberlake
74.6%
CAEGSAOLCINNicolas Cage
70.9%
MILKYMIJEMMJimmy Kimmel
68.9%
ZAIDNOREMACCameron Diaz
62.8%
ETACTTEHCNLABCate Blanchett
54.4%
YEONEBCWLESNOKBeyoncé Knowles
52.5%

You're not logged in!

Compare scores with friends on all Sporcle quizzes.
OR
Log In

You Might Also Like...

Show Comments

Extras

Top Quizzes Today


Score Distribution

Your Account Isn't Verified!

In order to create a playlist on Sporcle, you need to verify the email address you used during registration. Go to your Sporcle Settings to finish the process.

Report this User

Report this user for behavior that violates our Community Guidelines.

Details: